000 00308nam a2200133Ia 4500
008 260604s9999 xx 000 0 und d
020 _a9789393285782
082 _a891.433 SUK
100 _aACHARYA RAMCHAN
_935279
245 0 _aJAYASI BIBLIOGRAPHY(HINDI)
260 _bDPS
500 _aJayasi
942 _cBK
999 _c8044
_d8044